|
|
|
|
| LEADER |
00000nab a2200000 a 4500 |
| 001 |
vtls009337486 |
| 003 |
SK-MaSNL |
| 005 |
20260303055520.0 |
| 008 |
140515c2008 xo wr|p|||||||000 b|slo |
| 015 |
|
|
|a SNBRB2008/09
|2 snkbucl
|
| 040 |
|
|
|a SNKBUCL
|b slo
|c SNKBUCL
|e AACR2
|
| 041 |
0 |
|
|a slo
|
| 044 |
|
|
|a xo
|c SK
|
| 080 |
|
|
|a 347.9
|x (437.6)
|2 2001
|
| 080 |
|
|
|a 32-051
|2 2001
|
| 080 |
|
|
|a 342.518
|x (437.6)
|2 2001
|
| 100 |
1 |
|
|a Majchrák, Jozef,
|d 1975-
|4 aut
|9 110393
|
| 245 |
1 |
0 |
|a Ctihodný sudca, ctihodný minister
|c Jozef Majchrák
|
| 300 |
|
|
|b Fotogr.
|
| 600 |
1 |
7 |
|a Harabin, Štefan,
|d 1957-
|2 snkbucl
|9 108193
|
| 650 |
0 |
7 |
|a slovenská justícia
|2 snkbucl
|9 1051009
|
| 655 |
|
7 |
|a kritiky
|2 snkbucl
|9 28608
|
| 773 |
0 |
|
|t Týždeň
|g Roč. V, č. 37 (2008), s. 26-29
|x 1336-5932
|
| 852 |
|
|
|a SNK
|b KIS3GCP
|
| 958 |
|
|
|a SK
|
| 999 |
|
|
|c 1727721
|d 1729651
|